书目信息 |
| 书名: | The civilization of the Renaissance in Italy = | |
| 作者: | 雅各布·布克哈特著 ; 米徳尔莫尔 英译 ; 刘耀春 导读. | |
| 分册号: | ||
| 分册名: | 出版地: | 北京 : |
|
| 出版社: | Peking University Press | |
| 出版时间: | 2011. | |
| 页数: | 29, 10, 352 p. ; | |
| 开本: | 24 cm. | |
| 丛书名: | ||
| 中图分类号: | ||
| 科图分类号: | ||
| 其他分类号: | K546.32:H31 | |
| 主题词: | ||
| 电子资源: | ||
| 000 | 01239cam a2200349 a 4500 | |
| 001 | E1457165142 | |
| 005 | 20140402155409.31 | |
| 008 | 110412r20111990cc b 001 0 eng d | |
| 020 | @a9787301166475 :@cCNY40.00. | |
| 040 | @aPUL@cPUL@dSCT@dNUL | |
| 043 | @ae-it--- | |
| 050 | 4 | @aDG445@b.B813 |
| 082 | 04 | @a945/.05 @2 20 |
| 090 | @aK546.32/X4 | |
| 092 | @b华现11-001-049 | |
| 093 | @aK546.32 @2 4 | |
| 099 | @dK546.32:H31@ex7 | |
| 100 | 1 | @aBurckhardt, Jacob,@d1818-1897. |
| 240 | 10 | @aCultur der Renaissance in Italien.@lEnglish |
| 245 | 14 | @aThe civilization of the Renaissance in Italy =@b意大利文艺复兴时期的文化 / @c雅各布·布克哈特著 ; 米徳尔莫尔 英译 ; 刘耀春 导读. |
| 246 | 31 | @a意大利文艺复兴时期的文化 |
| 260 | @a北京 :@bPeking University Press,@c2011. | |
| 300 | @a29, 10, 352 p. ;@c24 cm. | |
| 490 | 0 | @a北京大学西学影印丛书.@p历史学系列 |
| 504 | @aIncludes bibliographical references and index. | |
| 534 | @pReprint. Originally published:@cLondon : Penguin Books, c1990.@z014044534X. | |
| 650 | 0 | @aRenaissance@zItaly. |
| 650 | 0 | @a南欧@x历史 |
| 651 | 0 | @aItaly@xCivilization@y1268-1559. |
| 700 | 1 | @aMiddlemore, S. G. C.@q(Samuel George Chetwynd) |
| 700 | 1 | @aLiu, Yaochun@A(刘耀春) |
| 920 | @a232010@z2 | |
| The civilization of the Renaissance in Italy = : 意大利文艺复兴时期的文化 / / 雅各布·布克哈特著 ; 米徳尔莫尔 英译 ; 刘耀春 导读.-北京 : : Peking University Press, , 2011. |
| 29, 10, 352 p. ; ; 24 cm.- (北京大学西学影印丛书. 历史学系列) |
| Includes bibliographical references and index. |
| ISBN 9787301166475 :CNY40.00. |
| ● |
| 相关链接 |
|
|
|
|
正题名:civilization of the Renaissance in Italy
索取号:K546.32:H31/x7
 
预约/预借
| 序号 | 登录号 | 条形码 | 馆藏地/架位号 | 状态 | 备注 |
| 1 | 0018011 | 300180113 | 第二样本阅览室/ [索取号:K546.32:H31/x7] | 在馆 | |
| 2 | 0018012 | 300180122 | 教育系资料室/ [索取号:K546.32:H31/x7] | 在馆 | |
| 3 | 0018013 | 300180131 | 第四借阅区/ [索取号:K546.32:H31/x7] | 在馆 | |
| 4 | 0018014 | 300180140 | 第四借阅区/ [索取号:K546.32:H31/x7] | 在馆 | |
| 5 | 0018015 | 300180159 | 第四借阅区/ [索取号:K546.32:H31/x7] | 在馆 |